000 00405nam a2200157Ia 4500
008 230917s9999||||xx |||||||||||||| ||und||
040 _e106290
_aMAIN
041 _aEnglish
082 _a005.1 K13M
100 _aKan, Stephen H
245 0 _aMetrics and models in software quality engineering
250 _a2nd ed.
260 _aNew Delhi
_bPearson Education
_c2004
300 _a528 p.
942 _cBK
999 _c128925
_d128925